000 00949nas a2200289 4500
001 BR2014000884
003 BR-BrBNA
005 20231205123707.0
007 ta
008 230509b bl.|||p| |||| 00| 00por d
040 _aBR-BrBNA
_bpor
_cBiblioteca Nacional de Agricultura
041 _a(Pt)
072 _aL01; N10; U10
100 1 _aSalgado, D.D.
100 1 _aNääs, I. de A.
100 1 _aPereira, D.F.
100 1 _aMoura, D.J. de
245 1 _aModelos estatísticos indicadores de comportamentos associados a bem-estar térmico para matrizes pesadas
650 _aFRANGO DE CORTE
650 _aMÉTODO ESTATÍSTICO
650 _aTEMPERATURA
650 _aCONDIÇÃO AMBIENTAL
773 0 _tEngenharia Agrícola (Brazil)
_xISSN 0100-6916
_g(Sep-Dec 2007), v. 27(3) p. 619-629
_wBR2014000884
856 4 0 _uhttp://www.scielo.br/pdf/eagri/v27n3/a04v27n3.pdf
909 _a202311
_bLúcia
_c55
_dLúcia Elande
942 _2AGRIS
_n0
_cANA
999 _c235210
_d235210